000 01015nam a2200277 i 4500
001 196866
003 SpMaBN
005 20250802063125.0
008 250109s2024 sp |||||| 000 | spa|
017 _aM 23641-2024
_bOficina Depósito Legal Madrid
020 _a9788409659289
040 _aSpMaBN
_bspa
_cSpMaBN
_erda
245 1 0 _aEl oficio de invertir :
_bconversaciones sobre Weallth Management /
_cEDM.
250 _aPrimera edicición: 2024
264 _aMadrid :
_bEDM Gestión SA SGIIC,
_c2024
300 _a98 páginas ;
_c21 cm.
336 _aTexto
_2rdacontent
337 _asin mediación
_2rdamedia
338 _avolumen
_2rdacarrier
650 7 _9136312
_aInversiones
852 _aES-MaACL
_cDEPOJ
_jN-10286
_xEncuadernación rústica con solapas
_9206408
_hDonación: Editorial
942 _cMONOGRAFIA
_n0
999 _c196866
_d196866